| 000 | 00509nam a2200169Ia 4500 | ||
|---|---|---|---|
| 999 |
_c7615 _d7615 |
||
| 003 | OSt | ||
| 005 | 20200125105533.0 | ||
| 008 | 190216s9999||||xx |||||||||||||| ||und|| | ||
| 020 | _a9788188646012 | ||
| 040 | _coclc658.4038011 | ||
| 082 |
_a658.4038 _bDHA/M |
||
| 100 |
_aDharni, Khushdeep _91397 |
||
| 245 | 0 |
_aManagement Information Systems / _cKhushdeep Dharni |
|
| 260 |
_bVishal Publcations, _c2008. _aDelhi: |
||
| 300 | _a303p | ||
| 942 |
_cBK _2ddc _h658.4038 _iDHA/M _k658.4038 _mDHA/M |
||